Liber antiphonarium de toto anni circulo a festivitate sancti Aciscli usque ad finem [ (Record no. 170752)

MARC details
000 -LEADER
campo de control de longitud fija 01554ncm a2200325 i 4500
001 - NÚMERO DE CONTROL
campo de control 170752
003 - IDENTIFICADOR DE NÚMERO DE CONTROL
campo de control ES-MaACL
005 - FECHA Y HORA DE LA ÚLTIMA TRANSACCIÓN
campo de control 20250831080531.0
007 - CAMPO FIJO DE DESCRIPCIÓN FÍSICA--INFORMACIÓN GENERAL
campo de control de longitud fija qu
008 - DATOS DE LONGITUD FIJA--INFORMACIÓN GENERAL
campo de control de longitud fija 170111s2011 sp ||| |||||||| | lat d
020 ## - NÚMERO INTERNACIONAL ESTÁNDAR DEL LIBRO
Número Internacional Estándar del Libro 978-84-86878-21-4
110 2# - ENTRADA PRINCIPAL--NOMBRE DE ENTIDAD CORPORATIVA
Nombre de entidad corporativa o nombre de jurisdicción como elemento de entrada Iglesia Católica
9 (RLIN) 4639
245 10 - MENCIÓN DEL TÍTULO
Título Liber antiphonarium de toto anni circulo a festivitate sancti Aciscli usque ad finem [
Medio Música impresa]
Resto del título : Cathedralis Ecclesiae Legionensis in Hispania Codex signatus nr. VIII /
Mención de responsabilidad, etc. [curavit Ismael Fernández de la Cuesta].
246 33 - FORMA VARIANTE DEL TITULO
Título propio/Titulo breve Antifonario de Léon
250 ## - MENCION DE EDICION
Mención de edición Ed. facs.
260 ## - PUBLICACIÓN, DISTRIBUCIÓN, ETC.
Lugar de publicación, distribución, etc. [Madrid] :
Nombre del editor, distribuidor, etc. Instituto Nacional de las Artes Escénicas y de la Música ;
Lugar de publicación, distribución, etc. [León] :
Nombre del editor, distribuidor, etc. Cabildo de la S.I. Catedral,
Fecha de publicación, distribución, etc. 2011 (
Fabricante Julio Soto)
300 ## - DESCRIPCIÓN FÍSICA
Extensión 1 partitura (306 h.) :
Otras características físicas il. col. ;
Dimensiones 34 cm.
534 ## - NOTA SOBRE LA VERSIÓN ORIGINAL
Frase introductoria Reprod. facsímil de:
Encabezamiento principal del original Liber Antiphonarium de toto anni circulo a festivitate Sancti Aciscli usque ad finem. Librum Ikilani Abbati
Localización del original Catedral de León, códice 8.
610 24 - PUNTO DE ACCESO ADICIONAL DE MATERIA--NOMBRE DE ENTIDAD CORPORATIVA
Nombre de entidad corporativa o nombre de jurisdicción como elemento de entrada Iglesia Católica-
Subdivisión general Rito mozárabe
9 (RLIN) 4656
650 #4 - PUNTO DE ACCESO ADICIONAL DE MATERIA--TÉRMINO DE MATERIA
Término de materia o nombre geográfico como elemento de entrada Música-
Subdivisión de forma Manuscritos.
9 (RLIN) 161533
650 #4 - PUNTO DE ACCESO ADICIONAL DE MATERIA--TÉRMINO DE MATERIA
Término de materia o nombre geográfico como elemento de entrada Música religiosa
9 (RLIN) 15417
655 #7 - TERMINO DE INDIZACIÓN--GENERO/FORMA
Fuente del término tgfbne
9 (RLIN) 226495
Datos o término principal de género/forma Facsímiles
700 1# - ENTRADA AGREGADA--NOMBRE PERSONAL
Nombre de persona Fernández de la Cuesta, Ismael.
9 (RLIN) 49666
710 2# - ENTRADA AGREGADA--NOMBRE DE ENTIDAD CORPORATIVA
Nombre de entidad corporativa o nombre de jurisdicción como elemento de entrada Catedral de León.
Unidad subordinada Cabildo.
9 (RLIN) 155688
852 ## - LOCALIZACIÓN
Ubicación ES-MaACL
Número de control de estantería A-13967
itemnumber 177373
Sublocalización o colección R.150830
Ubicación en estantería Depósito 1
Signatura antigua Olim: N-6967
Donativo/Legado Donación: Real Academia Española
Encuadernación - Enc. cart.
914 ## - NOMBRE ENTIDAD DE DONANTE
RLIN 6336
Nombre de congreso/reunión o jurisdicción como elemento de entrada Real Academia Española
Unidad subordinada Donante
942 ## - ELEMENTOS DE ENTRADA SECUNDARIOS (KOHA)
Fuente del sistema de clasificación o colocación Clasificación decimal universal
Tipo de ítem Koha Libro impreso
Holdings
Estatus retirado Estado de pérdida Fuente del sistema de clasificación o colocación Estado de daño No para préstamo Colección Biblioteca de origen Biblioteca actual Ubicación en estantería Fecha de adquisición Fuente de adquisición Total de préstamos Signatura topográfica completa Código de barras Visto por última vez Precio de reemplazo Tipo de ítem Koha
    Clasificación decimal universal     Música impresa Biblioteca del Ateneo de Madrid Biblioteca del Ateneo de Madrid Depósito 1 11/01/2017 Donación   A-13967 1196881 23/02/2023 23/02/2023 Libro impreso